Mammals by picture - Statistics

General Stats
  • This quiz has been taken 19 times
  • The average score is 14 of 16
Answer Stats
Picture Answer % Correct
Dolphin
100%
Elephant
100%
Giraffe
100%
Gorilla
100%
Lion
100%
Polar bear
100%
Sheep
100%
Tiger
100%
Kangaroo
94%
Seal
94%
Bat
88%
Deer
88%
Rabbit
88%
Coyote
69%
Skunk
69%
Gazelle
38%
No matching quizzes found
Score Distribution
Percent of People with Each Score
Percentile by Number Answered
Your Score History
You have not taken this quiz